000 00241nam a22000977a 4500
008 170112b xxu||||| |||| 00| 0 eng d
041 _aeng
080 _a618.2
245 _aTHE NURSING CLINICS OF NORTH AMERICA
_c HEGYVARY, S.T
942 _2udc
_cBK
999 _c2815
_d2815